00751mm a2200229a 44500001000900000003001300009008004000022005001700062020002800079020002800107040001900135100001900154245009200173260003000265300003300295500004400328500002100372505005000393505003600443653002300479700001900502NM030097RG CODE MARC25020s2011 ||||||||||||||000 | spa||20251028183341.0 a978-987-503-558-4 (v.1) a978-987-503-557-7 (v.2) aORG CODE MARC  aGorini, Ulises aHistoria de las Madres de Plaza de MayocUlises Gorini , con prólogo de Osvaldo Bayer aBuenos AiresbLa Página a2 v.bil. byn, fot. ; 23 cm. aDonación de Martín Ajzykowicz, 2025 aIncluye índice tv. 1. La rebelión de las Madres (1976-1983) tv. 2. La otra lucha (1983-1986) aHISTORIA ARGENTINA aBayer, Osvaldo